| 000 | 00698nam a2200193 4500 | ||
|---|---|---|---|
| 999 |
_c13836 _d13836 |
||
| 020 | _a9789710095759 | ||
| 082 | _aFil. 222.1109505 R4947o 2016 | ||
| 100 | _aReyes, Yna | ||
| 245 |
_aOne mighty, awesome, incredible rescue / _cretold by Yna Reyes ; illustrated by Rommel Jason |
||
| 260 |
_aMetro Manila _bOMF Literature Inc. _cc2014 |
||
| 300 |
_a31 pages : _bchiefly colored illustrations ; _c22.5 x 17 cm |
||
| 490 | _aWow god! | ||
| 526 |
_a200-299 _d220 |
||
| 650 | _aIsraelites crossing the Red Sea (Biblical event) | ||
| 650 | _aBible stories, English -- Old Testament | ||
| 650 | _aChildren's stories, Philippine (English) | ||
| 650 | _aChildren's stories, Tagalog | ||
| 942 |
_2ddc _cBK |
||